000 00486cam a2200217ua 4500
001 9304
005 20260515114442.0
008 150302n enk |||gr||||Z||||||eng
020 _a9780099284826
040 _cMAIN
041 _aeng
082 _a823
100 _aCoetzee, J M,
_eAuthor.
245 1 2 _aDisgrace
_cby J M Coetzee
250 _a1st.
260 _aLondon:
_bVintage,
_c2000.
300 _a220p.
653 _aEnglish fiction
653 _aEnglish novel
942 _cBK
999 _c8363
_d8363